Цифровое моделирование электромагнитных и электромеханических переходных процессов в электрических системах: монография

Dettagli Bibliografici
Autore principale: Галишников Ю. П. Юрий Петрович
Riassunto:Описаны общие принципы цифрового моделирования переходных процессов в электрических цепях произвольной конфигурации с машинами переменного тока, трансформаторами и прочими устройствами. Представлены результаты моделирования и полученные на их основе технические решения для практического использования при совершенствовании или разработке новых устройств релейной защиты и средств диспетчеризации электроэнергетических систем. Для персонала предприятий и научных учреждений электроэнергетической отрасли. Может быть полезно преподавателям и студентам электроэнергетических направлений подготовки.
Lingua:russo
Pubblicazione: Москва, Инфра-Инженерия, 2021
Soggetti:
Natura: Libro
KOHA link:https://koha.lib.tpu.ru/cgi-bin/koha/opac-detail.pl?biblionumber=346045

MARC

LEADER 00000nam0a2200000 4500
001 346045
005 20231102005838.0
010 |a 9785972907373 
035 |a (RuTPU)RU\TPU\book\377901 
090 |a 346045 
100 |a 20210519d2021 k y0rusy50 ca 
101 0 |a rus 
102 |a RU 
105 |a a z 001zy 
200 1 |a Цифровое моделирование электромагнитных и электромеханических переходных процессов в электрических системах  |e монография  |f Ю. П. Галишников 
210 |a Москва  |a Вологда  |c Инфра-Инженерия  |d 2021 
215 |a 195 с.  |c ил. 
320 |a Библиогр.: с. 190-195 
330 |a Описаны общие принципы цифрового моделирования переходных процессов в электрических цепях произвольной конфигурации с машинами переменного тока, трансформаторами и прочими устройствами. Представлены результаты моделирования и полученные на их основе технические решения для практического использования при совершенствовании или разработке новых устройств релейной защиты и средств диспетчеризации электроэнергетических систем. Для персонала предприятий и научных учреждений электроэнергетической отрасли. Может быть полезно преподавателям и студентам электроэнергетических направлений подготовки. 
606 1 |a Электрические системы  |x Переходные процессы  |2 stltpush  |3 (RuTPU)RU\TPU\subj\27580  |9 51309 
610 1 |a электрические машины переменного тока 
610 1 |a трансформаторы 
610 1 |a цепи 
610 1 |a цифровое моделирование 
610 1 |a трехфазные синхронные машины 
610 1 |a внезапные внутренние короткие замыкания 
610 1 |a турбогенераторы 
610 1 |a последовательные короткие замыкания 
610 1 |a валопровод 
610 1 |a крутильные колебания 
610 1 |a асинхронный вентильный каскад 
610 1 |a электромашинно-вентильные системы 
610 1 |a монографии 
675 |a 621.311.018  |v 4 
700 1 |a Галишников  |b Ю. П.  |g Юрий Петрович 
801 1 |a RU  |b 63413507  |c 20210519 
801 2 |a RU  |b 63413507  |c 20220113  |g RCR 
942 |c BK 
959 |a 5/20210519  |d 3  |e 1100,00  |f УФ:3 
959 |a 10/20211119  |d 3  |e 1100,00  |f УФ:3